Stoichiometry: (Record no. 185226)

MARC details
000 -LEADER
fixed length control field 00607nam a22001817a 4500
005 - DATE AND TIME OF LATEST TRANSACTION
control field 20220201114718.0
010 ## - LCCN (DPL NO)
LC control number ENG-131340
020 ## - INTERNATIONAL STANDARD BOOK NUMBER
International Standard Book Number 9789354600234
Terms of availability 930.00
035 ## - SYSTEM CONTROL NUMBER
System control number EN-114872
037 ## - SOURCE OF ACQUISITION
Source of stock number/acquisition DBAD
082 ## - DEWEY DECIMAL CLASSIFICATION NUMBER
Classification number 541.26
100 ## - MAIN ENTRY--PERSONAL NAME
Personal name Bhatt, B.I.
245 ## - TITLE STATEMENT
Title Stoichiometry:
Remainder of title Material And Engery Balance Computations/
Statement of responsibility, etc B.I. Bhatt, S.B. Thakore, S.R. Shah
260 ## - PUBLICATION, DISTRIBUTION, ETC. (IMPRINT)
Place of publication, distribution, etc Chennai
Name of publisher, distributor, etc McGraw Hill Education Private Limited
Date of publication, distribution, etc 2021
270 ## - ADDRESS
City Chennai
Address Anjana Complex No. 5/90A, Butt Road, St. Thomas Mount
Postal code 600016
300 ## - PHYSICAL DESCRIPTION
Extent 690p.
Dimensions 24cm(pbk)
942 ## - ADDED ENTRY ELEMENTS (KOHA)
Source of classification or shelving scheme Dewey Decimal Classification
Item type English Books
Classification part 541.26
Call number suffix BHA
Holdings
Withdrawn status Lost status Not for loan Collection code Home library Current library Date acquired Source of acquisition Cost, normal purchase price Full call number Barcode Copy number Cost, replacement price Koha item type
      Non-fiction Central Library Central Library 01/02/2022 DBAD/PUB 930.00 541.26 BHA EN-114872 1 930.00 English Books

© Delhi Public Library
Hit Counter
free hit counter